| Tag |
First Indicator |
Second Indicator |
Subfields |
| LEADER |
00000ctm a2200000Ia 4500 |
| 001 |
in00000079772 |
| 005 |
20220104090722.0 |
| 008 |
820226s1981 xx a bm 000 0 eng d |
| 035 |
|
|
|9 AAH9306AM
|
| 035 |
|
|
|a (OCoLC)08199398
|
| 035 |
|
|
|a (OCoLC)8199398
|
| 035 |
|
|
|a (OCoLC)ocm08199398
|
| 040 |
|
|
|a TXA
|b eng
|c TXA
|d IXA
|d OCLCQ
|d UMI
|d OCLCO
|d TXA
|d UtOrBLW
|
| 043 |
|
|
|a n-us-tx
|
| 049 |
|
|
|a TXAM
|
| 050 |
|
4 |
|a SH151
|b .J664 1981
|
| 099 |
|
|
|a 1981
|a Dissertation
|a J76
|
| 100 |
1 |
|
|a Jones, Fredrick V.
|
| 245 |
1 |
0 |
|a Effects of hydrological and biological variables on the survival, growth, and food utilization of estuarine fishes cage-cultured in a heated water system.
|
| 264 |
|
1 |
|c 1981.
|
| 300 |
|
|
|a xviii, 306 leaves :
|b illustrations ;
|c 29 cm
|
| 336 |
|
|
|a text
|b txt
|2 rdacontent
|
| 337 |
|
|
|a unmediated
|b n
|2 rdamedia
|
| 338 |
|
|
|a volume
|b nc
|2 rdacarrier
|
| 500 |
|
|
|a "Major subject: Wildlife and Fisheries Sciences."
|
| 500 |
|
|
|a Typescript (photocopy).
|
| 500 |
|
|
|a Vita.
|
| 502 |
|
|
|b Ph. D. in Philosophy
|c Texas A & M University
|d 1981
|
| 504 |
|
|
|a Includes bibliographical references (leaves 132-152).
|
| 520 |
3 |
|
|a Estuarine fishes were cultured in cages in the intake area and at four locations in the cooling lake of a power plant near Baytown, Texas from 1 September 1976 through 1 September 1978 to determine the effects of heated water on the dynamics of growth. Evaluation of data was based on eight hydrological variables, survival, growth and food-conversion efficiency of pinfish (Lagodon rbomboides) , spot (Lelostomus xanthuzus) , Atlantic croaker (Micropogonias xmdulatus), black drum (Pogonias czomis) and striped mullet (Mugil cephalus). The heated-water system was typified by high variability (rapid drops in salinity; maximum 20.4 to 0 pot) in the intake area which decreased as water was mixed during passage through the cooling lafee- Temperature averaged 11.1 C higher in the discharge canal than in the intake area, but was only 1-2 C higher in water discharged into Trinity 3ay. Salinity and turbidity fluctuated greatly in the intake area as a function of rainfall rate, but progressively less variation occurred as water passed through the cooling lake. Dissolved oxygen concentration (DO) was inversely related to temperature. Daily pH fluctuated more during the winter when rainfall was great than in the summer when rainfall was less. Supersaturation of gas in the water reached detrimental levels only in the discharge canal.
|
| 650 |
|
0 |
|a Electric power-plants
|x Environmental aspects.
|0 http://id.loc.gov/authorities/subjects/sh85041897
|
| 650 |
|
0 |
|a Fish culture
|x Effect of temperature on
|z Texas
|z Cedar Bayou.
|
| 650 |
|
0 |
|a Fishes
|x Effect of water pollution on.
|0 http://id.loc.gov/authorities/subjects/sh85048754
|
| 650 |
|
0 |
|a Fishes
|x Growth.
|0 http://id.loc.gov/authorities/subjects/sh85048769
|
| 650 |
|
0 |
|a Thermal pollution of rivers, lakes, etc.
|0 http://id.loc.gov/authorities/subjects/sh85134760
|
| 650 |
|
4 |
|a Wildlife and Fisheries Sciences.
|
| 655 |
|
7 |
|a Academic theses.
|2 lcgft
|0 http://id.loc.gov/authorities/genreForms/gf2014026039
|
| 700 |
1 |
|
|a Aldrich, David V.,
|e degree committee member.
|0 http://id.loc.gov/authorities/names/no95058720
|
| 700 |
1 |
|
|a Neill, William,
|e degree committee member.
|0 http://id.loc.gov/authorities/names/n2018062525
|
| 700 |
1 |
|
|a Stickney, Robert,
|e degree committee member.
|0 http://id.loc.gov/authorities/names/nr96034799
|
| 700 |
1 |
|
|a Strawn, Kirk,
|e degree supervisor.
|0 http://id.loc.gov/authorities/names/n86873554
|
| 710 |
2 |
|
|a Texas A & M University,
|e degree granting institution.
|0 http://id.loc.gov/authorities/names/n80125885
|
| 856 |
4 |
1 |
|u http://proxy.library.tamu.edu/login?url=http://proquest.umi.com/pqdweb?did=753122461&sid=1&Fmt=2&clientId=2945&RQT=309&VName=PQD
|z Link to ProQuest Copy
|t 0
|
| 856 |
4 |
1 |
|u https://hdl.handle.net/1969.1/DISSERTATIONS-83173
|z Link to OAKTrust copy
|t 0
|
| 994 |
|
|
|a C0
|b TXA
|
| 999 |
f |
f |
|s 8f499d17-1d03-38fa-8377-672c06e5a642
|i 6fa6d89a-25be-33a4-a842-cc31a4e5fd32
|t 0
|
| 952 |
f |
f |
|p normal
|a Texas A&M University
|b Galveston Campus
|c Jack K. Williams Library
|s galv stk
|d Galveston Stacks
|t 0
|e SH 151 .J664 1981
|h Library of Congress classification
|i unmediated -- volume
|m 33620000669768
|
| 952 |
f |
f |
|p noncirc
|a Texas A&M University
|b J.J. Pickle Campus
|c High Density Repository
|s HDR
|d Remote Storage
|t 0
|e 1981 Dissertation J76
|h Other scheme
|i unmediated -- volume
|m A14841005066
|
| 952 |
f |
f |
|a Texas A&M University
|b College Station
|c Electronic Resources
|s www_evans
|d Available Online
|t 0
|e 1981 Dissertation J76
|h Other scheme
|
| 998 |
f |
f |
|a 1981 Dissertation J76
|t 0
|l Available Online
|
| 998 |
f |
f |
|a SH 151 .J664 1981
|t 0
|l Galveston Stacks
|
| 998 |
f |
f |
|a 1981 Dissertation J76
|t 0
|l Remote Storage
|